House of debt how they (and you) caused the great recession, and how we can prevent it from happening again

Na minha lista:
Detalhes bibliográficos
Autor principal: Mian, Atif
Outros Autores: Sufi, Amir
Formato: Livro
Idioma:inglês
Publicado em: Chicago <The> University of Chicago Press 2014
Assuntos:
Tags: Adicionar Tag
Sem tags, seja o primeiro a adicionar uma tag!

MARC

LEADER 00000nam a2200000 4500
001 0197948
005 20240306140320.6
020 |a 978-0-226-08194-6 
020 |a 0-226-08194-X 
041 0 |a eng 
044 |a US 
245 1 0 |a House of debt  |b how they (and you) caused the great recession, and how we can prevent it from happening again  |c Atif Mian and Amir Sufi 
264 1 |a Chicago  |b <The> University of Chicago Press  |c 2014 
300 |a 219 s. 
610 2 0 |a kríza finančná 
610 2 0 |a recesia 
610 2 0 |a prevencia 
610 2 0 |a domácnosti 
610 2 0 |a úver hypotekárny 
610 2 0 |a zadlženosť 
610 2 0 |a sankcie hmotné 
610 2 0 |a nezamestnanosť 
610 2 0 |a Amerika 
100 1 |a Mian, Atif 
700 1 |a Sufi, Amir